Korupcia na vrcholových manažérskych pozíciách v slovenských podnikoch
Výsledky realizovaného výskumného projektu, ktorého cieľom bolo preskúmať, či neetické a nezodpovedné správanie lídrov (manažérov) v slovenských podnikoch existuje a do akej miery je rozšírené. Najrozšírenejšie formy a prejavy neetického správania lídrov. Aktivity lídrov na podporu etického správani...
Salvato in:
| Autore principale: | |
|---|---|
| Natura: | Capitolo di libro |
| Lingua: | slovacco |
| Soggetti: | |
| Tags: |
Nessun Tag, puoi essere il primo ad aggiungerne!!
|
MARC
| LEADER | 00000naa$a2200000$$$4500 | ||
|---|---|---|---|
| 001 | 0197372 | ||
| 005 | 20240502073334.5 | ||
| 041 | 0 | |a slo | |
| 044 | |a SK | ||
| 245 | 1 | 0 | |a Korupcia na vrcholových manažérskych pozíciách v slovenských podnikoch |c Ivana Ljudvigová |
| 520 | |a Výsledky realizovaného výskumného projektu, ktorého cieľom bolo preskúmať, či neetické a nezodpovedné správanie lídrov (manažérov) v slovenských podnikoch existuje a do akej miery je rozšírené. Najrozšírenejšie formy a prejavy neetického správania lídrov. Aktivity lídrov na podporu etického správania. | ||
| 610 | 2 | 0 | |a korupcia |
| 610 | 2 | 0 | |a etika |
| 610 | 2 | 0 | |a morálka |
| 610 | 2 | 0 | |a zodpovednosť |
| 610 | 2 | 0 | |a manažéri |
| 610 | 2 | 0 | |a lídri |
| 100 | 1 | |a Ljudvigová, Ivana | |